000 00983nam a2200277 a 4500
001 43702
003 BD-RjUL
005 20211209053735.0
008 160626s1965 enk 000 0 eng
035 _a(BD-RjUL)43820
040 _aDLC
_cWSU
_dSER
_dONS
_dUKM
_dBD-RjUL
_beng
041 _aeng
082 _a321.021
_223
_bCAW 1965
100 1 _aCamps, Miriam.
_9134293
245 1 0 _aWhat kind of Europe? :
_bThe community since De Gaulle's veto /
_cby Miriam Camps
260 _aLondon :
_bOxford University Press,
_c1965.
300 _ax, 140 p. ;
_c19 cm.
490 1 _aChatham House essays ;
_v8
500 _a"Issued under the auspices of the Royal Institute of International Affairs."
650 0 _aEuropean federation.
_9134294
650 0 _aEurope. Politique générale. Après 1960.
_9134295
650 0 _aEurope. Marché commun.
_9134296
710 2 _aRoyal Institute of International Affairs.
_9134297
830 0 _aChatham House essays ;
_v8.
_9129267
942 _2ddc
_cBK
999 _c43702
_d43702